| 000 | 00436cam a2200181ua 4500 | ||
|---|---|---|---|
| 020 | _c6.00 | ||
| 041 |
_ahin _h |
||
| 082 |
_a891.54 _bSHA/CH |
||
| 100 | _aSharat Chandra, Chatopadyay . | ||
| 245 |
_aCharitraheen / _cSharat Chandra Chatopadyay. _hTextual Documents |
||
| 250 |
_a7 / _b. |
||
| 260 |
_a : _bHindi sahitya bhandar. |
||
| 300 | _a450 ; . | ||
| 365 | _a6.00 | ||
| 504 | _a | ||
| 942 | _cBK | ||
| 999 |
_c6367 _d6367 |
||